000 00249nam a2200109Ia 4500
999 _c6529
_d6529
020 _a9788129702609
100 _aDale H.Besterfield
245 0 _aTotal Quality Management
260 _aIndia
_bDorling Kindersley
_c2003
300 _a558
942 _cBK